书目信息 |
| 题名: |
木乃伊之谜
|
|
| 作者: | Maule 著 ;王洁 译 | |
| 分册: | ||
| 出版信息: | 北京 外语教学与研究出版社 2001 |
|
| 页数: | 46页 | |
| 开本: | 21cm | |
| 丛书名: | 外研社·DK英汉对照百科读物 | |
| 单 册: | ||
| 中图分类: | H319.4:K411.2 , H319.4 | |
| 科图分类: | ||
| 主题词: | 古代史 | |
| 电子资源: | ||
| ISBN: | 7-5600-2530-7 | |
| 000 | 01050oam2 2200325 450 | |
| 001 | 1556957187 | |
| 005 | 20150128155023.43 | |
| 010 | @a7-5600-2530-7@dCNY6.90 | |
| 100 | @a20030213d2001 em y0chiy0110 ea | |
| 101 | 2 | @achi@aeng@ceng |
| 102 | @aCN@b110000 | |
| 105 | @aa z 000yy | |
| 200 | 1 | @a木乃伊之谜@9mu nai yi zhi mi@f(英)David Maule著@g王洁译 |
| 210 | @a北京@c外语教学与研究出版社@d2001 | |
| 215 | @a46页@c图@d21cm | |
| 225 | 2 | @a外研社·DK英汉对照百科读物 |
| 306 | @a与英国Dorling Kindersley公司合作出版 | |
| 308 | @a丛书中高级 | |
| 330 | @a本书是讲述“前世之人”、“制作木乃伊”、“木乃伊的诅咒”、“西西里岛木乃伊”、“木乃伊之谜”等有关古埃及的英汉对照读物。 | |
| 461 | 0 | @12001 @a外研社·DK英汉对照百科读物 |
| 510 | 1 | @aMummy Mysteries@zeng |
| 606 | 0 | @a古代史 |
| 607 | @a埃及@x古代史@x英语@x汉语@j对照读物 | |
| 607 | @a埃及 | |
| 690 | @aH319.4:K411.2@v5 | |
| 690 | @aH319.4@v4 | |
| 701 | 1 | @aMaule@bDavid@4著 |
| 702 | 0 | @a王洁@9wang jie@4译 |
| 801 | 0 | @aCN@bTSSF@c20150128 |
| 905 | @aZUCC@dH319.4@eJY650 | |
| 木乃伊之谜/(英)David Maule著/王洁译.-北京:外语教学与研究出版社,2001 |
| 46页:图;21cm.-(外研社·DK英汉对照百科读物) |
| ISBN 7-5600-2530-7:CNY6.90 |
| 本书是讲述“前世之人”、“制作木乃伊”、“木乃伊的诅咒”、“西西里岛木乃伊”、“木乃伊之谜”等有关古埃及的英汉对照读物。 |
| ● |
| 相关链接 |
|
|
|
|
正题名:木乃伊之谜
索取号:H319.4/JY650
 
预约/预借
| 序号 | 登录号 | 条形码 | 馆藏地/架位号 | 状态 | 备注 |
| 1 | 7837263 | 278372636 | 学院路分馆/ [索取号:H319.4/JY650] | 在馆 | |
| 2 | 7837266 | 278372663 | 学院路分馆/ [索取号:H319.4/JY650] | 在馆 | |
| 3 | 7837269 | 278372690 | 学院路分馆/ [索取号:H319.4/JY650] | 在馆 | |
| 4 | 7837270 | 278372707 | 学院路分馆/ [索取号:H319.4/JY650] | 在馆 |